banner koha

Ciro Gomes e os bispos (Registro n. 330354)

MARC details
000 -LÍDER
fixed length control field 00877nab a2200277 4500
003 - CÓDIGO MARC DA AGÊNCIA CATALOGADORA
Campo de controle BR-BrBNA
005 - DATA E HORA DA ÚLTIMA ATUALIZAÇÃO
Campo de controle 20250312153911.0
008 - CAMPO DE TAMANHO FIXO
fixed length control field 250312b bl.||||| |||| 00| 0 por d
040 ## - FONTE DA CATALOGAÇÃO
Agência catalogadora BR-BrBNA
Idioma da catalogação por
072 ## - CATEGORIA AGRIS
Código AGRIS P10 ; F06
100 ## - ENTRADA PRINCIPAL - NOME PESSOAL
Nome pessoal Gantois, Gustavo
245 ## - TÍTULO PRINCIPAL
Título principal Ciro Gomes e os bispos
Subtítulo Agroeconomia
500 ## - NOTA GERAL
Nota geral 2 illus.
942 ## - ADDED ENTRY ELEMENTS (KOHA)
Koha item type Analítica
650 ## - ASSUNTO - THESAGRO
Cabeçalho tópico ou nome geográfico RIO SÃO FRANCISCO
650 ## - ASSUNTO - THESAGRO
Cabeçalho tópico ou nome geográfico MANEJO
650 ## - ASSUNTO - THESAGRO
Cabeçalho tópico ou nome geográfico BACIA HIDROGRÁFICA
650 ## - ASSUNTO - THESAGRO
Cabeçalho tópico ou nome geográfico NORDESTE
650 ## - ASSUNTO - THESAGRO
Cabeçalho tópico ou nome geográfico FRONTEIRA AGRÍCOLA
650 ## - ASSUNTO - THESAGRO
Cabeçalho tópico ou nome geográfico INVESTIMENTO
650 ## - ASSUNTO - THESAGRO
Cabeçalho tópico ou nome geográfico LICENCIAMENTO AMBIENTAL
650 ## - ASSUNTO - THESAGRO
Cabeçalho tópico ou nome geográfico ABASTECIMENTO DE ÁGUA
650 ## - ASSUNTO - THESAGRO
Cabeçalho tópico ou nome geográfico CUSTO-BENEFÍCIO
773 0# - ENTRADA ANALÍTICA
Host Biblionumber 1706
Registro do item 347828
Imprenta São Paulo-SP Editora Três Ltda - E-mail: luizfsa@revistadinheiro.com.br 2004
Outro identificador 2025-0329
Título Dinheiro Rural (Brazil)
ISSN 1807-3700
Colação v. 2(14) p. 20-22; (Dec 2005)
Número de controle de registro BR2025000091

Nenhum exemplar disponível.

BINAGRI

Telefone: (61)3218-2567/2388/3357/2097 - binagri@agro.gov.br

Ministério da Agricultura e Pecuária , Esplanada dos Ministérios, Bloco D, Anexo B, Brasília/DF, CEP: 70.043-900